Vista normal Vista MARC
  • DOMINANCIA LATERAL

Entrada Materia

Número de registros utilizados en: 1

001 - NÚMERO DE CONTROL DEL REGISTRO

  • campo de control: 15444

003 - IDENTIFICADOR DE NUMERO DE CONTROL

  • campo de control: UPN

005 - FECHA Y HORA DE LA ÚLTIMA TRANSACCIÓN

  • campo de control: 20210219193836.0

008 - DATOS DE LONGITUD FIJA

  • campo de control de longitud fija: nabaccnnaabn|||||||||| b |nc|||||d

035 ## - NÚMERO DE CONTROL DEL SISTEMA

  • Número de control del sistema: UPN10000015452

040 ## - FUENTE DE LA CATALOGACIÓN

  • Lengua de catalogación: SPA
  • Agencia de transcripción: UPN

150 ## - ENCABEZAMIENTO - TEMÁTICO

  • Término de materia o nombre geográfico como elemento inicial: DOMINANCIA LATERAL

670 ## - FUENTE EN LA QUE SE LOCALIZARON DATOS

  • Cita de la fuente: T
  • Información localizada: Diccionario de las ciencias de la educación

680 ## - NOTA GENERAL CON DESPLIEGUE PÚBLICO

  • Texto explicativo: Primacía y especialización de una de las partes simétricas u órganos pares del cuerpo, capaz de actividad perceptiva o motriz autónoma (p. ej. la mano, el pie, el ojo, aunque con frecuencia el concepto de d. l. se aplica sólo a la mano)

902 ## - CATALOGADOR

  • Catalogador: MMA/280504